[Event "Riga Tal Memorial"]
[Site "Riga"]
[Date "1995.??.??"]
[Round "4"]
[White "Kasparov, Garry"]
[Black "Anand, Viswanathan"]
[Result "1-0"]
[WhiteElo "2805"]
[BlackElo "2715"]
[Annotator "Konikowski"]
[PlyCount "49"]
[EventDate "1995.04.??"]
[Source "ChessBase"]
[SourceDate "1995.08.01"]

1. e4 {Kortschnoj  Blatny,P  Ftacnik  Borngaesser} 1... e5 2. Nf3 Nc6 3. Bc4
Bc5 4. b4 Bxb4 5. c3 Be7 (5... Ba5 {Blatny,P  Classical line}) 6. d4 (6. Qb3 {
Blatny,P} 6... Nh6 7. d4 Na5 8. Qb5 Nxc4 9. Qxc4 exd4 (9... Ng4 10. h3 Nf6 11.
dxe5 d5 $1 $15) 10. Bxh6 gxh6 11. cxd4 d5 (11... d6 12. O-O O-O 13. Nc3 c6 14.
Rae1 $44) 12. exd5 Rg8 13. g3 Bh3 14. Ne5 Bd6 $10) 6... Na5 7. Be2 (7. Bd3 {
Ftacnik} 7... d6 8. Ba3 (8. dxe5 Nc6 (8... Bg4 {Blatny,P} 9. exd6 cxd6 10. O-O
Nf6 $10) 9. exd6 cxd6 10. O-O Nf6 11. Nd4 O-O 12. Nd2 d5 13. Nxc6 bxc6 14. e5
Nd7 15. Re1 Nc5 16. Bc2 f6 17. exf6 Rxf6 18. Nb3 Rf7 19. Nxc5 Bxc5 20. Qh5 h6
21. Qg6 Rxf2 22. Be3 Bxe3 23. Rxe3 Rxc2 24. Qxc2 {
Losev,D-Frog,I/Moscow-C/1989/1-0 (35)}) 8... Nc6 9. O-O Nf6 10. Nbd2 O-O 11.
Rb1 Re8 12. d5 Nb8 13. Nc4 Nbd7 14. Qd2 Bf8 15. Na5 Nxd5 16. exd5 e4 17. Nd4
exd3 18. Nxb7 Bxb7 19. Rxb7 Nb6 20. Qxd3 Nxd5 21. Qc4 Qg5 22. Bc1 Qh5 23. Qc6
a6 24. c4 {Djurhuus,R-Henao,R/Thessaloniki olm (12)/1988/0.5 (49)}) (7. Bxf7+ {
Ftacnik} 7... Kxf7 8. Nxe5+ Kf8 (8... Ke8 {Blatny,P} 9. Qh5+ g6 10. Nxg6 Nf6
11. Qh4 Rg8 $17) 9. Qf3+ Nf6 10. g4 d6 11. g5 dxe5 12. gxf6 Bxf6 13. dxe5 Nc4 (
13... Nc6 14. exf6 Qxf6 15. Qg3 Qe5 $10 {Inkiov,V-Minev,N/BL/1977/}) 14. exf6
Qxf6 15. Qxf6+ gxf6 16. Bh6+ Kf7 17. Rg1 Rg8 18. Rxg8 Kxg8 19. Nd2 Ne5 20. Ke2
Kf7 21. Rg1 Ng4 22. Bf4 Be6 23. c4 Ne5 24. Bxe5 {
Losev,D-Baikov,V/Moscow-C/1989/1-0 (42)}) (7. Nxe5 {Ftacnik} 7... Nxc4 8. Nxc4
d5 9. exd5 Qxd5 10. Ne3 Qd8 (10... Qa5 11. O-O Nf6 12. c4 O-O 13. d5 {
Timman-Tatai/Amsterdam/1977/} 13... b5 14. Nd2 bxc4 (14... Rd8 15. Nb3 Qb6 16.
Nd4 Bb7 17. Rb1 a6 18. Nef5 Bc5 19. Be3 c6 20. Qf3 cxd5 21. cxb5 Bc8 22. Qg3
Nh5 23. Qg5 Bxf5 24. Nxf5 {Canda,D-Sieiro Gonzalez,L/Camaguey/1986/0.5 (29)})
15. Ndxc4 Qa6 16. Bb2 Re8 17. Rc1 Rb8 18. Be5 Rb7 19. Re1 Bd7 20. d6 cxd6 21.
Bxf6 gxf6 22. Nd5 Be6 23. Rc3 Kh8 24. Nxe7 {
Timman,J-Tatai,S/Amsterdam/1977/1-0 (28)}) (10... Qd7 11. O-O Nf6 12. d5 (12.
c4 {Blatny,P} 12... O-O 13. Nc3 c6 14. d5 $14 {Nunn-Larsen/London/1980/}) 12...
O-O 13. c4 Ng4 14. Bb2 Bc5 15. Bd4 Bxd4 16. Qxd4 Re8 17. Nc3 Nxe3 18. fxe3 Qe7
19. Rf3 b6 20. a4 Bd7 21. a5 f6 22. e4 Qc5 23. Qxc5 bxc5 24. a6 {
Minasian,A-Georgadze,G/Manila olm/1992/1-0 (35)}) 11. Ba3 Nf6 12. Qa4+ c6 $1
13. O-O O-O 14. Re1 Re8 15. Nd2 Be6 16. Rab1 Qc7 17. Bxe7 Rxe7 18. c4 b6 19.
Nf3 c5 20. Qa3 Rae8 21. dxc5 bxc5 22. Red1 h6 23. Rbc1 Ne4 $2 24. Nd2 {
Sveshnikov,E-Short,N/Poliot-Solingen/1992/1-0 (49)}) 7... exd4 (7... Nf6 $5 8.
dxe5 (8. Qa4 $1 {Konikowski,J}) 8... Nxe4 9. Qd5 Nc5 10. Ba3 c6 $14 {Schwarz,R}
) (7... d6 $142 $5) (7... d6 {Ftacnik} 8. Qa4+ (8. dxe5 Nc6 9. exd6 Qxd6 $10)
8... c6 9. dxe5 dxe5 10. Nxe5 $14 (10. Nxe5 {Blatny,P} 10... Nf6 11. O-O b5 12.
Qc2 O-O 13. a4 b4 14. cxb4 Bxb4 $13 {Bulochus-Melts/corr/1983-84/})) 8. Qxd4 $1
(8. cxd4 Nf6 (8... d5 {Blatny,P} 9. exd5 Qxd5 10. Nc3 Bb4 11. Bd2 Bxc3 12. Bxc3
Nf6 13. O-O O-O $17) 9. Qa4 b6 10. Nc3 Bb7 11. d5 O-O 12. O-O Re8 13. Bb2 c6
14. Rad1 d6 $13 {Melts,MA-Usatchy,MV./corr ICCF Tournament/1989-91/CCYB4\205.})
8... Nf6 (8... Kf8 $5) (8... f6 {Ftacnik} 9. O-O $44) (8... Nc6 $5 {Blatny,P}
9. Qxg7 Bf6 10. Qg3 d6 {/\Nge7,Rg8}) 9. e5 Nc6 10. Qh4 (10. Qf4 Nh5 (10... Nd5
{Blatny,P} 11. Qg4 g6 12. Bh6 d6 $17 {Pelc-Gaievski/USSR/1981}) 11. Qa4 g6 12.
Bh6 $16 {Melts-Gajevskij/USSR/1981/}) (10. Qd3 {Ftacnik} 10... Ng4 11. Qe4 d6
12. exd6 Qxd6 $132) 10... Nd5 11. Qg3 g6 (11... O-O {Ftacnik} 12. Bh6 g6 13.
Bxf8 Bxf8 14. O-O $16) 12. O-O Nb6 (12... O-O {Ftacnik} 13. Rd1 Nb6 14. a4 Na5
(14... a5 15. Be3) 15. Bh6 Re8 16. e6 (16. Nbd2 $40) 16... Bf6 17. exf7+ Kxf7
18. Bd3 $40) 13. c4 (13. Bh6 $142 $5 {Chandler} 13... d6 14. Bb5 {
Black s K will not easily find shelter in the long term.}) 13... d6 (13... O-O
14. Bh6 (14. Rd1 $44 {Ftacnik}) 14... Re8 15. Nc3 d6 16. Rad1 $16) 14. Rd1 Nd7
(14... Bd7 $5 15. Bh6 (15. c5 Na4 16. cxd6 cxd6 17. exd6 Bf6 18. Bg5 h6 19.
Bxf6 Qxf6 20. Nbd2 Nc3 21. Re1 O-O $13 {Borngaesser,R}) 15... dxe5 (15... Nxe5
16. Nxe5 dxe5 17. Qxe5 f6 18. Qe3 Kf7 19. c5 Na4 20. Bc4+ Ke8 21. Qb3 $18) 16.
Nc3 f6 17. Ne4 Na4 $2 (17... Bf8 $5 18. Bxf8 Rxf8 19. c5 Nc8 20. Rd2 Qe7 21.
Rad1 Be6 22. h4 $44 {Borngaesser,R}) 18. Rd5 Nb4 19. Rxe5 $1 fxe5 20. Qxe5 Rf8
21. Bxf8 Nc6 (21... Kxf8 22. Qh8+ Kf7 23. Ne5+ Ke6 24. Bg4#) 22. Qg7 Nc3 23.
Bxe7 Nxe2+ 24. Kf1 Qxe7 25. Nf6+ Kd8 26. Qh8+ Be8 27. Rd1+ Kc8 28. Nxe8 $18 {
Borngaesser,R-Henk,M/Duesseldorf/1995/}) (14... Be6 {Ftacnik} 15. c5 Nd5 16.
cxd6 cxd6 17. Bc4 dxe5 18. Bxd5 Bxd5 19. Nc3 $16) 15. Bh6 $1 (15. Bf4 {Chandler
} 15... dxe5 (15... O-O 16. exd6 Bf6 17. Bg5 $1) 16. Nxe5 Bh4 $1 17. Qe3 Ncxe5
18. Bxe5 O-O) 15... Ncxe5 (15... dxe5 16. Nc3 (16. Bg7 {Ftacnik} 16... Rg8 17.
Bxe5 Ncxe5 18. Nxe5 Bd6 19. f4 Qf6 20. Nc3 Bxe5 21. fxe5 Nxe5 22. Nd5 Qd6 23.
Qh4 $40) 16... Bf8 (16... f6 $13) 17. Bg5 f6 (17... Be7 18. Nd5 Bxg5 19. Nxg5
O-O 20. Qh4 h5 21. Bxh5 $1 Kg7 (21... gxh5 22. Qxh5 $18) 22. Bxg6 $18) 18. Be3
Bg7 19. c5 O-O 20. Bc4+ Kh8 21. Nh4 Ne7 22. Be6 f5 23. Bg5 $40) 16. Nxe5 Nxe5 (
16... dxe5 {Ftacnik} 17. Bg7 Bh4 18. Qf3 Rg8 19. Bxe5 $40) 17. Nc3 (17. Bg7 $5
{Ftacnik} 17... Bf6 18. Bxh8 Bxh8 19. Nc3 $16) 17... f6 (17... Bh4 {Ftacnik}
18. Qe3 $40) (17... Be6 {Ftacnik} 18. Bg7 Bf6 19. Bxh8 Bxh8 20. c5 $16) 18. c5
Nf7 $2 (18... Be6 {Ftacnik} 19. cxd6 Bxd6 20. Ne4 $36) (18... Bd7 $142 {
Blatny,P  /\Bc6}) 19. cxd6 cxd6 (19... Bxd6 20. Bb5+ (20. Qe3+ {Ftacnik} 20...
Qe7 21. Nd5 Qxe3 22. Nxf6+ Ke7 23. Nd5+ Kd8 24. Bxe3 $36) 20... c6 21. Bf4 cxb5
22. Bxd6 Nxd6 23. Rxd6 Qa5 24. Re1+ Kf7 25. Rxf6+ Kxf6 26. Nd5+ Kg7 27. Re7+
Kg8 28. Qe5 $18) (19... Nxh6 $2 {Ftacnik} 20. dxc7 $18) 20. Qe3 Nxh6 (20... Bd7
{Ftacnik} 21. Bg7 Rg8 22. Bxf6 $16) 21. Qxh6 Bf8 22. Qe3+ (22. Bb5+ {Ftacnik}
22... Kf7 $1 (22... Bd7 $2 23. Re1+ Kf7 24. Bc4+ $18) 23. Qe3) 22... Kf7 (22...
Qe7 {Ftacnik} 23. Ne4 Qe5 24. Nxf6+ Kf7 25. Ne4 Be7 26. f4 $40) 23. Nd5 Be6 (
23... Bd7 $5) (23... Bg7 {Ftacnik} 24. Qb3 (24. Bc4 Be6 25. Qb3) 24... Be6 25.
Bc4 Rc8 (25... Qd7 26. Nf4 (26. Nc7 $5 Qxc7 27. Bxe6+ Kf8 28. Rac1 $40) 26...
Bxc4 27. Qxc4+ Ke8 28. Ne6 $40) (25... Re8 26. Nf4 Bxc4 27. Qxc4+ Kf8 28. Ne6+
Rxe6 29. Qxe6 $18) 26. Nb6 Rxc4 (26... Bxc4 27. Nxc4 d5 28. Nd6+ Qxd6 29. Rxd5
Rc3 30. Rxd6+ Rxb3 31. axb3 $18) 27. Nxc4 Kf8 28. Qb4 $16) 24. Nf4 Qe7 (24...
Bd7 {Ftacnik} 25. Qb3+ Kg7 26. Qxb7 $40) (24... Qd7 {Ftacnik} 25. Bb5 $1 Qxb5
26. Qxe6+) 25. Re1 (25. Re1 Re8 (25... Bd7 26. Bc4+ Ke8 27. Qd2 $18 (27. Qb3
$18)) (25... d5 26. Bf3 Re8 27. Nxe6 Qxe6 28. Qxe6+ (28. Bxd5 $18) 28... Rxe6
29. Bxd5 $18) (25... Qd7 {Ftacnik} 26. Bb5 $1 Qxb5 27. Qxe6+ Kg7 28. Rab1 Qf5
29. Rxb7+ Kh6 30. Qxf5 gxf5 31. Re3 $16) (25... Bh6 26. Bc4 $18) 26. Nxe6 Qxe6
27. Qxe6+ Kxe6 (27... Rxe6 28. Bc4 $18) 28. Bb5+ $18) 1-0

[Event "Biel"]
[Site "Biel"]
[Date "1995.??.??"]
[Round "7"]
[White "Shirov, Alexei"]
[Black "Timman, Jan H"]
[Result "1-0"]
[WhiteElo "2695"]
[BlackElo "2590"]
[Annotator "Shirov"]
[PlyCount "55"]
[EventDate "1995.07.??"]
[Source "ChessBase"]
[SourceDate "1995.12.01"]

1. e4 {Kortschnoj  Donev  Blatny,P} 1... e5 2. Nf3 Nc6 3. Bc4 Bc5 4. b4 $5 Bxb4
(4... Bb6 {Blatny,P} 5. a4 a6 (5... a5 6. b5 Nd4 7. Nxd4 exd4 8. O-O Ne7 9. Qh5
$40 {Pyhala,A-Gruen,G/Nordic-chT Pohja ;MCL 04 1985/1-0 (40)}) 6. Bb2 (6. Nc3
Nf6 7. Nd5 Nxd5 (7... Nxe4 $2 8. O-O O-O 9. d3 Nf6 10. Bg5 d6 11. Nd2 $1 {
/\Ne4+-}) 8. exd5 e4 9. dxc6 O-O 10. O-O exf3 11. Qxf3 bxc6 {/\d5=}) 6... d6 7.
b5 axb5 8. axb5 Rxa1 9. Bxa1 Na5 10. Ba2 $14 {
Schroeder,R-Maderna,C/Mar del Plata zt (11) ;MCL 03 1951/1-0 (73)}) 5. c3 Be7 (
5... Bc5 {Blatny,P} 6. d4 exd4 7. cxd4 Bb4+ (7... Bb6 {Kortschnoj} 8. Nc3 $16)
8. Kf1 $44) (5... Ba5 {Kortschnoj} 6. d4 d6 7. dxe5 dxe5 8. Qxd8+ (8. Qb3 $44)
8... Nxd8 9. Nxe5 $10) 6. d4 (6. Qb3 {Blatny,P} 6... Nh6 7. d4 Na5 8. Qb5 $1 (
8. Qa4 $2 Nxc4 9. Qxc4 Ng4 $10) 8... Nxc4 9. Bxh6 gxh6 (9... Nd6 10. Qxe5 $14)
10. Qxc4 d6 $1 (10... exd4 11. cxd4 Rg8 (11... d6 12. Nc3 O-O 13. O-O Bf6 14.
e5 Bg7 15. Nb5 $44 {Huddleston,D-Smith,T/USA-op Los Angeles/1991/}) (11... O-O
12. O-O c6 13. Nc3 b5 14. Qd3 b4 15. Nd1 $1 $44) 12. Nc3 $5 c6 (12... Rxg2 $5)
13. O-O d6 14. Rfe1 Bh3 15. g3 Kf8 16. d5 Rg7 17. Rab1 Qc8 18. e5 $16 {
Wells,P-Lukacs,P/Budapest ExpFS MarGM (09) ;CBM 37 1993/1-0 (43)}) 11. dxe5 Be6
12. Qb5+ Qd7 13. Qxb7 O-O 14. Nbd2 dxe5 15. Nxe5 Qd6 16. Ndf3 $10 {
Ernst-Wiedenkeller/Karlskrona-ch/1983/}) 6... Na5 7. Be2 (7. Nxe5 {Blatny,P}
7... Nxc4 8. Nxc4 d5 9. exd5 Qxd5 10. Ne3 Qd8 (10... Qd7 11. O-O Nf6 12. c4 b5
$1 $10) 11. O-O Nf6 12. c4 O-O 13. Bb2 (13. Nc3 c6 14. d5 Re8 15. Qf3 Qc7 $13)
13... c6 14. Nc3 b5 15. cxb5 cxb5 16. Qf3 Rb8 17. d5 Bc5 18. Rad1 $14 {
Nunn,J-Lukacs,P/Budapest/1978/}) (7. Bd3 {Blatny,P} 7... d6 8. dxe5 Bg4 $10)
7... exd4 8. Qxd4 d6 {N} (8... Nf6 {Blatny,P  Kasparov-Anand/Riga/1995/}) 9.
Qxg7 Bf6 10. Qg3 Qe7 (10... Ne7 {Donev} 11. Bg5 $1 $36) 11. O-O $6 Bd7 $6 (
11... Qxe4 $1 12. Nd4 $1 (12. Re1 Kf8 13. Bb5 Qg6 $17) (12. Re1 $18 {Blatny,P})
12... Be5 $1 (12... Bh4 13. Nd2 $1 {I.Sokolov} (13. Qg7 Qe5 $17) 13... Qxd4 $1
(13... Bxg3 14. Nxe4 Be5 15. Nb5 $44) 14. cxd4 Bxg3 15. fxg3 Be6 $15) 13. Qg5 (
13. Nd2 Qxe2 14. Nxe2 Bxg3 $17) 13... Ne7 $17) 12. Nd4 $5 (12. Nbd2 {Blatny,P}
12... Bxc3 13. Rb1 Nf6) (12. Ng5 {Donev} 12... h6 (12... Bxg5 13. Bxg5 Qxe4 14.
Re1 $36) 13. Nh7 $5 Qxe4 $2 14. Qxg8+ Rxg8 (14... Ke7 15. Nxf6 Kxf6 16. Bf3 $18
) 15. Nxf6+ $18) 12... O-O-O (12... Qxe4 13. Nd2 $44) 13. Nd2 {Im volgende
Mittelspiell fuehrenden Plan fuer beide seiten ist Angriff des gegnerisches
Koenig.Schwarz hat offene g-Linie auf Koenigsfluegell,weiss offene b-Linie am
Damenflueggel.Es ist wichtig wer die Initiative zuerst erobert.} 13... Nc6 (
13... h5 14. Rb1 $1 {with the idea 15 Qd3!  /\Qd3}) 14. Qe3 (14. Qd3 Ne5 $13 (
14... Ne5 {Blatny,P} 15. Qe3 c5 $132)) 14... h5 15. Rb1 Nh6 16. Qd3 $5 (16.
Nxc6 Bxc6 17. Qxa7 Qe5 $1 $44) 16... b6 (16... Rdg8 17. N2f3 $14 (17. Nc4 $14 {
Blatny,P}) (17. Rxb7 $6 Nxd4 18. Qa6 (18. Rxa7 Nxe2+ 19. Qxe2 Kd8 (19... Kb8 $2
20. Qa6 Bc6 $8 21. Ba3 Rxg2+ 22. Kxg2 Bxe4+ 23. f3 Rg8+ 24. Kh1 $18) 20. Ra8+
Bc8 $17) 18... Nxe2+ 19. Kh1 Qe6 {/\Kd8-e7-+})) (16... Ne5 $2 {Blatny,P} 17.
Qa6 $1 $18) 17. a4 $1 Kb8 (17... Rdg8 18. a5 Nxa5 19. Qa6+ Kd8 20. Qxa7 Ke8 21.
Nb5 Bxb5 22. Qa8+ Qd8 23. Bxb5+ Ke7 24. Qxd8+ Rxd8 25. Bb2 $14) 18. a5 {
Mit dem Bauernopfer oeffnet weiss noch eine Linie gegen der schwarze Monarch.}
18... Nxa5 19. Qa6 {Der Anziehende beherscht die Initiative.} 19... Ka8 $2 (
19... Bxd4 20. cxd4 Ka8 21. Bb2 Bc8 22. Qb5 $44) 20. e5 $1 {Mit dem Bauernopfer
raeumt weiss die Diagonale h1-a8 der von starke weissfarbige Laeufer e2 besetz
wird.} 20... Qxe5 (20... dxe5 21. Bf3+ {
Gegen die abgeschwaechte schwarze Koenig bekommt weiss starke angriff.} 21...
Kb8 (21... c6 {Blatny,P} 22. Rxb6 (22. Ba3 Bc8 (22... Qxa3 $2 23. Nb5 $18) 23.
Qxa5 $1 Qb7 24. Qa4 $18) 22... exd4 23. Qxa5 dxc3 24. Rxc6 $1 Bxc6 25. Bxc6+
Kb8 26. Ba3 Qxa3 $8 27. Qb5+ Kc7 28. Qb7+ Kd6 29. Nc4+ $18) 22. Qxa5 exd4 23.
Qxa7+ Kxa7 24. Ra1+ $18) (20... Bxe5 {Blatny,P} 21. Bf3+ c6 (21... d5 22. Bxd5+
c6 23. Nc4 (23. Rxb6 Bxh2+ 24. Kxh2 Qe5+ 25. Kg1 Qxd5 $17) 23... Nxc4 24. Nxc6
Bxc6 25. Bxc6+ Kb8 26. Qxc4 $36) 22. Rxb6 Bxh2+ (22... Qh4 23. g3 Bxd4 24. Rxc6
$1 $18) 23. Kxh2 Qh4+ 24. Kg1 Ng4 25. Bxc6+ $1 $8 Bxc6 26. N2f3 $18) 21. Bf3+
d5 22. Nc4 Bc8 (22... Nxc4 23. Ra1 $1 (23. Qxc4 Bc8 $13 24. Qa4 $140 a6 (24...
a5 {Donev} 25. Nc6 Bd7 $8 (25... Qxc3 26. Nxd8 Rxd8 27. Bb2 $18) 26. Bf4 $1
Qxc3 (26... Qe6 27. Qb5 $18) 27. Bxd5 $18) (24... Bb7 25. Nb5 a6 26. Bf4 $18))
23... Na5 24. Rxa5 bxa5 25. Nc6 Bxc6 26. Be3 Qxe3 27. Qxc6+ Kb8 28. fxe3 Rd6
29. Rb1+ Kc8 30. Qb7+ Kd7 31. Bxd5 $16) 23. Qxa5 $1 Qxd4 (23... bxa5 $2 24.
Nxe5 Bxe5 25. Nc6 $18) 24. Qa2 Qxc3 (24... Qd3 25. Be3) (24... Qh4 25. g3 $18)
(24... Qc5 {Donev} 25. Be3 $1 Qc6 (25... Qe7 26. Bxb6 $18) 26. Nxb6+ cxb6 27.
Rxb6 $18) 25. Be3 $1 (25. Bb2 $2 Qxf3 26. gxf3 Rhg8+ 27. Kh1 dxc4 $44 28. Bxf6
$140 $2 Bb7 $19 (28... Bb7 {Blatny,P} 29. h4 (29. Qe2 Rd3 30. Bg5 Rxf3 $19)
29... Bxf3+ 30. Kh2 Ng4+ 31. Kh3 Nxf6 $132)) 25... Bb7 {Fuenf weisse Steine
sind zum schwarze Monarch gezielt.Es folgt die entscheidente schlag.} (25...
Rhg8 26. Rfc1 Qd3 27. Bxb6 $18) (25... Kb8 {Donev} 26. Nxb6 cxb6 27. Bxb6 axb6
28. Rxb6+ Bb7 29. Bxd5 $18) 26. Bxb6 $1 cxb6 (26... a6 {Donev} 27. Rfc1 $18)
27. Nxb6+ Kb8 28. Nxd5 {Eine Musterhafte Partie zum Thema Angriff des
gegnerische Koenig bei Entgegengesetzte Rochaden!} (28. Nxd5 {Blatny,P} 28...
Qxf3 29. gxf3 Rhg8+ 30. Kh1 Bd4 31. Qc4 Ka8 $8 32. Qc6 $1 Bb6 33. Rxb6 $18) 1-0

[Event "Warsaw AIG Life rapid 5th-8th"]
[Site "Warsaw"]
[Date "2004.12.19"]
[Round "1"]
[White "Short, Nigel D"]
[Black "Georgiev, Kiril"]
[Result "1-0"]
[WhiteElo "2684"]
[BlackElo "2626"]
[PlyCount "51"]
[EventDate "2004.12.19"]
[Source "ChessBase"]
[SourceDate "2005.01.01"]

1. e4 e5 2. Nf3 Nc6 3. Bc4 Bc5 4. b4 Bxb4 5. c3 Be7 6. d4 Na5 7. Be2 exd4 8.
Qxd4 d6 9. Qxg7 Bf6 10. Qg3 Qe7 11. Ng5 h6 12. Nh3 Qxe4 13. Nf4 Bd7 14. O-O
O-O-O 15. Nd2 Qa4 16. Nd5 Bh4 17. Qd3 Ne7 18. Bf3 Nac6 19. Rb1 Nxd5 20. Bxd5
Be6 21. Nc4 Qa6 22. Bxe6+ fxe6 23. Qe4 d5 24. Qxe6+ Kb8 25. Ne5 Nxe5 26. Qxa6
1-0